00573nam a2200205 a 4500001001300000003000900013005001700022008004100039020002300080082001800103100001900121245006000140260004000200300000900240500003500249505002500284650002700309650001200336700001900348nice12345678IN_TiNIC20260116014129.0100222s2009 newa grp 000 0 eng  a9788125037262c49500a320.0973bBAR aBarsky, Robert aChomsky Effectb A Radical Works Beyond the Ivory Tower aNew Delhi bOrient Blackswan c2009 a381p aincludes index and biblioraphy2 anotes, biblio, index aPolitics-United States aChomsky1 aBarsky, Robert